000 00372pam a2200157a 44500
008 230515b1978 xxu||||| |||| 00| 0 eng d
020 _a0
041 _aHINDI
082 _a615.53 07 VAR
100 _aVARMA GANPATI SHIHA
245 _aAKOUSHDHI GUNVIDHAN
250 _a0
260 _aDELHI
_bRASAYAN PHARMACY .
_c1978
300 _a0
650 _aAKOUSHDHI GUNVIDHAN
999 _c484026
_d484026